দ্য গুড মুসলিম / (Record no. 11111)
[ view plain ]
| 000 -LEADER | |
|---|---|
| fixed length control field | 00815nam a2200241 a 4500 |
| 001 - CONTROL NUMBER | |
| JCCL Control Number | 11111 |
| 003 - CONTROL NUMBER IDENTIFIER | |
| JCCL marc code | BD-JhCC |
| 005 - DATE AND TIME OF LATEST TRANSACTION | |
| control field | 20200317134008.0 |
| 008 - FIXED-LENGTH DATA ELEMENTS--GENERAL INFORMATION | |
| fixed length control field | 190630b20152018bg |||| ||a| 000 0 ben d |
| 020 ## - INTERNATIONAL STANDARD BOOK NUMBER | |
| International Standard Book Number | 9789849120032 |
| 035 ## - SYSTEM CONTROL NUMBER | |
| system control number | (BD-JhCC)11111 |
| 040 ## - CATALOGING SOURCE | |
| Original cataloging agency | BD-JhCC |
| Modifying agency | BD-JhCC |
| 041 ## - LANGUAGE CODE | |
| Language code of Book | ben |
| 082 ## - DEWEY DECIMAL CLASSIFICATION NUMBER | |
| Classification number | 823.92 |
| Author mark and Year | ANA 2018 |
| 100 ## - MAIN ENTRY--PERSONAL NAME | |
| Personal name | আনাম, তাহমিমা |
| 245 ## - TITLE STATEMENT | |
| Title | দ্য গুড মুসলিম / |
| Statement of responsibility, etc | তাহমিমা আনাম, সম্পাদনা: মশিউল আলম |
| 260 ## - PUBLICATION, DISTRIBUTION, ETC. (IMPRINT) | |
| Place of publication, distribution, etc | ঢাকা: |
| Name of publisher, distributor, etc | প্রথমা প্রকাশন; |
| Date of publication, distribution, etc | ২০১৮. |
| 300 ## - PHYSICAL DESCRIPTION | |
| Pagination | ২৭৮ পৃঃ . : |
| Dimensions | ২৩ সেমি. |
| 651 ## - SUBJECT ADDED ENTRY--GEOGRAPHIC NAME | |
| Geographic name | Islamic Funda menalism |
| Geographic subdivision | Bangladesh |
| 700 ## - ADDED ENTRY--PERSONAL NAME | |
| Personal name | আলম, মশিউল |
| 942 ## - ADDED ENTRY ELEMENTS (KOHA) | |
| Source of classification or shelving scheme | Dewey Decimal Classification |
| Koha item type | Books |
| Koha issues (borrowed), all copies | 2 |
| Source of classification or shelving scheme | Damaged status | Not for loan | Home library | Current library | Shelving location | Date of accession | Cost, normal purchase price | Total Checkouts | Full call number | Barcode | Date last seen | Date checked out | Copy number | Koha item type |
|---|---|---|---|---|---|---|---|---|---|---|---|---|---|---|
| Dewey Decimal Classification | JCC Rouf Library | JCC Rouf Library | General Stacks | 01/13/2024 | 490.00 | 5 | 823.92 ANA 2018 | 14938 | 11/18/2024 | 11/11/2024 | C-1 | Books |